<?xml version="1.0" encoding="UTF-8"?>
<record
    xmlns:xsi="http://www.w3.org/2001/XMLSchema-instance"
    xsi:schemaLocation="http://www.loc.gov/MARC21/slim http://www.loc.gov/standards/marcxml/schema/MARC21slim.xsd"
    xmlns="http://www.loc.gov/MARC21/slim">

  <leader>02474nam a2200385 i 4500</leader>
  <controlfield tag="003">DO-SdBNP</controlfield>
  <controlfield tag="005">20231109094526.0</controlfield>
  <controlfield tag="007">ta</controlfield>
  <controlfield tag="008">220208e2021    dr ao||gr|||| 001 edspa d</controlfield>
  <datafield tag="020" ind1=" " ind2=" ">
    <subfield code="a">9789945221213</subfield>
  </datafield>
  <datafield tag="040" ind1=" " ind2=" ">
    <subfield code="a">DO-SdBNP</subfield>
    <subfield code="b">spa</subfield>
    <subfield code="c">BNPHU</subfield>
    <subfield code="e">rda</subfield>
  </datafield>
  <datafield tag="082" ind1=" " ind2="4">
    <subfield code="a">394.25097293</subfield>
    <subfield code="b">T266c, 2021</subfield>
    <subfield code="2">22</subfield>
  </datafield>
  <datafield tag="100" ind1="1" ind2=" ">
    <subfield code="a">Tejeda Ort&#xED;z, Dagoberto, </subfield>
    <subfield code="d">1940-</subfield>
    <subfield code="9">1575</subfield>
    <subfield code="e">autor</subfield>
  </datafield>
  <datafield tag="245" ind1="1" ind2="3">
    <subfield code="a">El carnaval dominicano :</subfield>
    <subfield code="b">antecedentes, tendencias y perspectivas /</subfield>
    <subfield code="c">Dagoberto Tejeda Ortiz ; fotograf&#xED;a, Mariano Hern&#xE1;ndez ; corrector de estilo Amarilis Mota de Tejeda</subfield>
  </datafield>
  <datafield tag="250" ind1=" " ind2=" ">
    <subfield code="a">2a. ed.</subfield>
  </datafield>
  <datafield tag="264" ind1=" " ind2=" ">
    <subfield code="a">Santo Domingo :</subfield>
    <subfield code="b">Instituto Panamericano de Geograf&#xED;a e Historia,</subfield>
    <subfield code="c">2021.</subfield>
  </datafield>
  <datafield tag="300" ind1=" " ind2=" ">
    <subfield code="a">704 p&#xE1;ginas :</subfield>
    <subfield code="b">ilustraciones, fotos;</subfield>
    <subfield code="c">25 cm.</subfield>
  </datafield>
  <datafield tag="336" ind1=" " ind2=" ">
    <subfield code="2">rdacontent</subfield>
    <subfield code="a">texto</subfield>
    <subfield code="b">txt</subfield>
  </datafield>
  <datafield tag="337" ind1=" " ind2=" ">
    <subfield code="2">rdamedia</subfield>
    <subfield code="a">sin mediaci&#xF3;n</subfield>
    <subfield code="b">n</subfield>
  </datafield>
  <datafield tag="338" ind1=" " ind2=" ">
    <subfield code="2">rdacarrier</subfield>
    <subfield code="a">volumen</subfield>
    <subfield code="b">nc</subfield>
  </datafield>
  <datafield tag="500" ind1=" " ind2=" ">
    <subfield code="a">Incluye datos biogr&#xE1;ficos del autor en la solapa de la cubierta.</subfield>
  </datafield>
  <datafield tag="504" ind1=" " ind2=" ">
    <subfield code="a">Bibliograf&#xED;a : p. 687- 701</subfield>
  </datafield>
  <datafield tag="505" ind1="0" ind2=" ">
    <subfield code="a">Introducci&#xF3;n --</subfield>
    <subfield code="g">Cap&#xED;tulo I.</subfield>
    <subfield code="t">Antecedentes hist&#xF3;ricos del carnaval.--</subfield>
    <subfield code="g">Cap&#xED;tulo II--</subfield>
    <subfield code="t">Antecedentes del carnaval dominicano.--</subfield>
    <subfield code="g">Cap&#xED;tulo III--</subfield>
    <subfield code="t">El carnaval colonial.--</subfield>
    <subfield code="g">Cap&#xED;tulo IV.--</subfield>
    <subfield code="t">El carnaval: desde la Independencia hasta la Primera Intervenci&#xF3;n Norteamericana.--</subfield>
    <subfield code="g">Cap&#xED;tulo V--</subfield>
    <subfield code="t">El carnaval y la era de Trujillo.--</subfield>
    <subfield code="g">Cap&#xED;tulo VI--</subfield>
    <subfield code="t">Postrujillismo y carnaval.--</subfield>
    <subfield code="g">Cap&#xED;tulo VII--</subfield>
    <subfield code="t">Personajes, comparsas, carrozas y m&#xE1;scaras del carnaval dominicano.--</subfield>
    <subfield code="g">Cap&#xED;tulo VIII--</subfield>
    <subfield code="t">Caracter&#xED;sticas de los carnavales locales.--</subfield>
    <subfield code="g">Cap&#xED;tulo IX--</subfield>
    <subfield code="t">El carnaval "cimarr&#xF3;n" dominicano.--</subfield>
    <subfield code="g">Cap&#xED;tulo X--</subfield>
    <subfield code="t">Tendencias y perspectiva del carnaval dominicano.--</subfield>
    <subfield code="g">Cap&#xED;tulo XI--</subfield>
    <subfield code="t">&#xBF;Hacia  d&#xF3;nde va el carnaval dominicano.?.--</subfield>
    <subfield code="t">Citas bibliogr&#xE1;ficas.--</subfield>
    <subfield code="t">Bibliograf&#xED;a.--</subfield>
    <subfield code="t">Publicaciones Instituto Panamericano de Geograf&#xED;a e Historia (IPGH) Secci&#xF3;n Nacional Dominicana.</subfield>
  </datafield>
  <datafield tag="590" ind1=" " ind2=" ">
    <subfield code="a">Invenetariado 2023/BT</subfield>
  </datafield>
  <datafield tag="650" ind1=" " ind2="4">
    <subfield code="a">Folcklor</subfield>
    <subfield code="z">Rep&#xFA;blica Dominicana</subfield>
    <subfield code="9">81174</subfield>
  </datafield>
  <datafield tag="650" ind1=" " ind2="4">
    <subfield code="a">Carnaval dominicano</subfield>
    <subfield code="9">81175</subfield>
  </datafield>
  <datafield tag="650" ind1=" " ind2="4">
    <subfield code="a">Rep&#xFA;blica Dominicana -- Vida social y costumbres</subfield>
    <subfield code="9">81176</subfield>
  </datafield>
  <datafield tag="650" ind1=" " ind2="4">
    <subfield code="a">Identidad cultural </subfield>
    <subfield code="9">81177</subfield>
  </datafield>
  <datafield tag="650" ind1=" " ind2="4">
    <subfield code="a">Carnaval</subfield>
    <subfield code="9">12251</subfield>
    <subfield code="z">Rep&#xFA;blica Dominicana</subfield>
    <subfield code="x">Historia</subfield>
  </datafield>
  <datafield tag="700" ind1="1" ind2=" ">
    <subfield code="9">59875</subfield>
    <subfield code="a">Hern&#xE1;ndez, Mariano,</subfield>
    <subfield code="e">fotograf&#xED;a</subfield>
  </datafield>
  <datafield tag="700" ind1="1" ind2=" ">
    <subfield code="a">Mota Tejeda, Amarilis de,</subfield>
    <subfield code="e">corrector de estilo</subfield>
    <subfield code="9">81781</subfield>
  </datafield>
  <datafield tag="710" ind1="2" ind2=" ">
    <subfield code="a">Instituto Panamericano de Geograf&#xED;a e Historia. Secci&#xF3;n Nacional de Dominicana,</subfield>
    <subfield code="9">81286</subfield>
  </datafield>
  <datafield tag="910" ind1=" " ind2=" ">
    <subfield code="a">Btav&#xE1;rez/Validado. Control de calidad MFF</subfield>
  </datafield>
  <datafield tag="942" ind1=" " ind2=" ">
    <subfield code="2">ddc</subfield>
    <subfield code="c">LBS1</subfield>
  </datafield>
  <datafield tag="952" ind1=" " ind2=" ">
    <subfield code="0">0</subfield>
    <subfield code="1">0</subfield>
    <subfield code="2">ddc</subfield>
    <subfield code="5">1</subfield>
    <subfield code="7">0</subfield>
    <subfield code="8">PD</subfield>
    <subfield code="a">BNPHU</subfield>
    <subfield code="b">BNPHU</subfield>
    <subfield code="c">HD</subfield>
    <subfield code="d">2022-01-28</subfield>
    <subfield code="e">Dep&#xF3;sito Legal </subfield>
    <subfield code="o">BNPHU PD 394.25097293 T266c 2021</subfield>
    <subfield code="p">2022-0671</subfield>
    <subfield code="r">2022-02-08</subfield>
    <subfield code="w">2022-02-08</subfield>
    <subfield code="y">LBS1</subfield>
  </datafield>
  <datafield tag="952" ind1=" " ind2=" ">
    <subfield code="0">0</subfield>
    <subfield code="1">0</subfield>
    <subfield code="2">ddc</subfield>
    <subfield code="5">1</subfield>
    <subfield code="7">0</subfield>
    <subfield code="8">PD</subfield>
    <subfield code="a">BNPHU</subfield>
    <subfield code="b">BNPHU</subfield>
    <subfield code="c">HD</subfield>
    <subfield code="d">2022-01-28</subfield>
    <subfield code="e">Dep&#xF3;sito Legal </subfield>
    <subfield code="o">BNPHU PD 394.25097293 T266c 2021</subfield>
    <subfield code="p">2022-0672</subfield>
    <subfield code="r">2022-02-08</subfield>
    <subfield code="t">e.2</subfield>
    <subfield code="w">2022-02-08</subfield>
    <subfield code="y">LBS1</subfield>
  </datafield>
  <datafield tag="952" ind1=" " ind2=" ">
    <subfield code="0">0</subfield>
    <subfield code="1">0</subfield>
    <subfield code="2">ddc</subfield>
    <subfield code="5">6</subfield>
    <subfield code="7">0</subfield>
    <subfield code="8">DS</subfield>
    <subfield code="a">BNPHU</subfield>
    <subfield code="b">BNPHU</subfield>
    <subfield code="c">HD</subfield>
    <subfield code="d">2022-05-05</subfield>
    <subfield code="e">Deposito legal</subfield>
    <subfield code="o">BNPHU DS 394.25097293 T266c 2021</subfield>
    <subfield code="p">2022-1816</subfield>
    <subfield code="r">2022-05-05</subfield>
    <subfield code="t">e.3</subfield>
    <subfield code="w">2022-05-05</subfield>
    <subfield code="y">LBS1</subfield>
  </datafield>
  <datafield tag="952" ind1=" " ind2=" ">
    <subfield code="0">0</subfield>
    <subfield code="1">0</subfield>
    <subfield code="2">ddc</subfield>
    <subfield code="5">6</subfield>
    <subfield code="7">0</subfield>
    <subfield code="8">DS</subfield>
    <subfield code="a">BNPHU</subfield>
    <subfield code="b">BNPHU</subfield>
    <subfield code="c">HD</subfield>
    <subfield code="d">2022-05-05</subfield>
    <subfield code="e">Donaci&#xF3;n</subfield>
    <subfield code="o">BNPHU DS 394.25097293 T266c 2021</subfield>
    <subfield code="p">2022-1817</subfield>
    <subfield code="r">2022-05-05</subfield>
    <subfield code="t">e.4</subfield>
    <subfield code="w">2022-05-05</subfield>
    <subfield code="y">LBS1</subfield>
  </datafield>
  <datafield tag="952" ind1=" " ind2=" ">
    <subfield code="0">0</subfield>
    <subfield code="1">0</subfield>
    <subfield code="2">ddc</subfield>
    <subfield code="5">6</subfield>
    <subfield code="7">0</subfield>
    <subfield code="8">DS</subfield>
    <subfield code="a">BNPHU</subfield>
    <subfield code="b">BNPHU</subfield>
    <subfield code="c">HD</subfield>
    <subfield code="d">2022-05-05</subfield>
    <subfield code="e">Donaci&#xF3;n</subfield>
    <subfield code="o">BNPHU DS 394.25097293 T266c 2021</subfield>
    <subfield code="p">2022-1818</subfield>
    <subfield code="r">2022-05-05</subfield>
    <subfield code="t">e.5</subfield>
    <subfield code="w">2022-05-05</subfield>
    <subfield code="y">LBS1</subfield>
  </datafield>
  <datafield tag="999" ind1=" " ind2=" ">
    <subfield code="c">51374</subfield>
    <subfield code="d">51374</subfield>
  </datafield>
</record>
